វិភាគទានក្នុងការកសាងគំរូគណិតតម្លៃមាឌឈើឈរ នៃប្រភេទពាណិជ្ជកម្មអំបូរ Dipterocarpaceae ក្នុងសារព័ន្ធព្រៃ ខេត្តរតនគីរី; (Record no. 3129)

000 -LEADER
fixed length control field 00695nam a22001577a 4500
003 - CONTROL NUMBER IDENTIFIER
control field OSt
005 - DATE AND TIME OF LATEST TRANSACTION
control field 20151104152525.0
008 - FIXED-LENGTH DATA ELEMENTS--GENERAL INFORMATION
fixed length control field 151104b xxu||||| |||| 00| 0 eng d
040 ## - CATALOGING SOURCE
Transcribing agency RUA
082 ## - DEWEY DECIMAL CLASSIFICATION NUMBER
Classification number FOR អ៊ុក 1994 B119 Or.1
100 ## - MAIN ENTRY--PERSONAL NAME
9 (RLIN) 3356
Personal name អ៊ុក វីរបុត្រ
245 ## - TITLE STATEMENT
Title វិភាគទានក្នុងការកសាងគំរូគណិតតម្លៃមាឌឈើឈរ នៃប្រភេទពាណិជ្ជកម្មអំបូរ Dipterocarpaceae ក្នុងសារព័ន្ធព្រៃ ខេត្តរតនគីរី;
260 ## - PUBLICATION, DISTRIBUTION, ETC. (IMPRINT)
Place of publication, distribution, etc. Phnom Penh
Name of publisher, distributor, etc. RUA
Date of publication, distribution, etc. 1993
300 ## - PHYSICAL DESCRIPTION
Extent 93p.
Other physical details ill.
Dimensions 29cm.
942 ## - ADDED ENTRY ELEMENTS (KOHA)
Source of classification or shelving scheme
Koha item type FOR
Holdings
Price effective from Date last seen Permanent Location Not for loan Date acquired Source of classification or shelving scheme Koha item type Barcode Lost status Damaged status Shelving location Withdrawn status Current Location Full call number
2015-11-042015-11-04Library Block B 2015-11-04 FORRUA026193  B119 Library Block BFOR អ៊ុក 1994 B119 Or.1
មជ្ឈមណ្ឌលឯការនៃសាកលវិទ្យាល័យភូមិន្ទកសិកម្មចំការដូង

Powered by Koha